000 00598nam a2200217 4500
003 OSt
005 20240626054421.0
006 a
008 240626b |||||||| |||| 00| 0 eng d
020 _a9781444145779
040 _aDWCL-Main lib.
_cOC
082 _aGR. 611 As831a 2011
100 _aAshwell, Ken
245 _aThe anatomy student’s self-test visual dictionary /
260 _aLondon:
_bHodder Arnold,
_cc2011.
300 _b304 p. : ill. (some col.) ;
_c28 cm.
501 _aIncludes index.
650 _a1. Human anatomy.
650 _a2. Anatomy.
942 _2ddc
_n0
_cGR
_kGR.
999 _c1390
_d1390